[Event "ISR-chT"]
[Site "Israel"]
[Date "2024.02.17"]
[Round "8.15"]
[White "Iliaguev, Nisim"]
[Black "Gorodetzky, Matan"]
[Result "1/2-1/2"]
[WhiteElo "2397"]
[BlackElo "2337"]
[PlyCount "97"]
[EventDate "2024.01.10"]
[EventType "team-tourn"]
[EventRounds "11"]
[EventCountry "ISR"]
[SourceTitle "CB09_2024"]
[SourceDate "2024.02.28"]
[SourceVersion "1"]
[SourceVersionDate "2024.02.28"]
[SourceQuality "1"]
[WhiteTeam "Ramat Gan Etiod"]
[BlackTeam "Rehovot"]
[WhiteTeamCountry "ISR"]
[BlackTeamCountry "ISR"]

1. g3 e5 2. Bg2 d5 3. d4 e4 4. c4 c6 5. cxd5 cxd5 6. Nc3 Bb4 7. Nh3 Nc6 8. 0-0 Nf6 9. Bg5 Bxc3 10. bxc3 Be6 11. Nf4 0-0 12. c4 Ne7 13. Bxf6 gxf6 14. e3 f5 15. f3 Ng6 16. Nxd5 Bxd5 17. cxd5 Qxd5 18. Qb3 Qxb3 19. axb3 Rfe8 20. fxe4 fxe4 21. Rac1 Re7 22. h4 Rae8 23. h5 Nf8 24. Rf4 h6 25. d5 Nh7 26. d6 Rd7 27. Rxe4 Rxe4 28. Bxe4 Nf6 29. Bf3 Rxd6 30. Rc7 b5 31. Rxa7 Rd3 32. Kf2 Rd2+ 33. Ke1 Rb2 34. e4 Rxb3 35. Kf2 Nh7 36. e5 Ng5 37. Bd5 Rd3 38. Bc6 b4 39. Rb7 Rc3 40. Bd5 Rd3 41. Bc4 Rd4 42. Bb3 Kf8 43. Rb8+ Kg7 44. Rb7 Re4 45. e6 Nxe6 46. Bxe6 Rxe6 47. Rxb4 Re5 48. g4 Kf6 49. Kg3 1/2-1/2

[Event "ISR-chT"]
[Site "Israel"]
[Date "2024.01.20"]
[Round "4.9"]
[White "Steinberg, Nitzan"]
[Black "Iliaguev, Nisim"]
[Result "1/2-1/2"]
[WhiteElo "2552"]
[BlackElo "2397"]
[PlyCount "54"]
[EventDate "2024.01.10"]
[EventType "team-tourn"]
[EventRounds "11"]
[EventCountry "ISR"]
[SourceTitle "CB09_2024"]
[SourceDate "2024.02.28"]
[SourceVersion "1"]
[SourceVersionDate "2024.02.28"]
[SourceQuality "1"]
[WhiteTeam "Beer Sheva"]
[BlackTeam "Ramat Gan Etiod"]
[WhiteTeamCountry "ISR"]
[BlackTeamCountry "ISR"]

1. e4 e6 2. d4 d5 3. Nd2 Nf6 4. e5 Nfd7 5. Bd3 c5 6. c3 Nc6 7. Ne2 Qb6 8. Nf3 Be7 9. 0-0 a6 10. Re1 Nf8 11. Ng3 Bd7 12. Nh5 Rg8 13. dxc5 Bxc5 14. Qe2 Ng6 15. b4 Be7 16. a3 Rc8 17. Bd2 Nd8 18. a4 f5 19. exf6 gxf6 20. c4 dxc4 21. Bxc4 Bc6 22. a5 Bxf3 23. axb6 Bxe2 24. Bxe2 Kf7 25. b5 axb5 26. Bxb5 Ne5 27. Be2 Rc2 1/2-1/2

[Event "Sant Boi de Llobregat op 4th"]
[Site "Sant Boi de Llobregat"]
[Date "2023.12.03"]
[Round "4"]
[White "Fishchuk, Vladyslav"]
[Black "Iliaguev, Nisim"]
[Result "1-0"]
[WhiteElo "2198"]
[BlackElo "2409"]
[PlyCount "55"]
[EventDate "2023.11.30"]
[EventType "swiss"]
[EventRounds "9"]
[EventCountry "ESP"]
[SourceTitle "CB50_2023"]
[SourceDate "2023.12.13"]
[SourceVersion "1"]
[SourceVersionDate "2023.12.13"]
[SourceQuality "1"]

1. d4 Nf6 2. c4 e6 3. Nf3 Bb4+ 4. Nbd2 0-0 5. a3 Be7 6. e4 d6 7. Be2 b6 8. Qc2 Bb7 9. 0-0 Nbd7 10. b4 e5 11. Bb2 Re8 12. d5 c6 13. Ne1 Rc8 14. Qd3 Nf8 15. Qb3 Ng6 16. g3 Qd7 17. b5 cxb5 18. cxb5 Rc5 19. Ng2 Rec8 20. Ne3 h5 21. h4 Ng4 22. Rfc1 Nf8 23. a4 Rxc1+ 24. Rxc1 Rxc1+ 25. Bxc1 Qc7 26. Qc4 Qxc4 27. Ndxc4 Nd7 28. Nf5 1-0

[Event "Ramat Gan Shavuot op"]
[Site "Ramat Gan"]
[Date "2023.05.25"]
[Round "1"]
[White "Iliaguev, Nisim"]
[Black "Hasson Shreger, Shalev"]
[Result "1/2-1/2"]
[WhiteElo "2402"]
[BlackElo "1899"]
[PlyCount "91"]
[EventDate "2023.05.25"]
[EventType "swiss (rapid)"]
[EventRounds "6"]
[EventCountry "ISR"]
[SourceTitle "CBM 214 Extra"]
[Source "ChessBase"]
[SourceDate "2023.07.31"]
[SourceVersion "1"]
[SourceVersionDate "2023.07.31"]
[SourceQuality "1"]

1. c4 e5 2. g3 Nf6 3. Bg2 c6 4. Nc3 Bb4 5. d3 0-0 6. a3 Bxc3+ 7. bxc3 Re8 8. Nf3 e4 9. dxe4 Nxe4 10. Qc2 d6 11. 0-0 Na6 12. Nd4 Nac5 13. f3 Nf6 14. e4 d5 15. cxd5 cxd5 16. Bg5 Ne6 17. Nxe6 Rxe6 18. Rad1 Qb6+ 19. Qf2 Bd7 20. exd5 Re2 21. Qd4 Qb2 22. Rd2 Rxd2 23. Bxd2 Qxa3 24. c4 Rc8 25. Rc1 b6 26. h3 h6 27. Kh2 Qa4 28. Be3 Qb4 29. Bxh6 b5 30. Bg5 Rxc4 31. Rxc4 Qxc4 32. Qxa7 Qxd5 33. Qb8+ Kh7 34. Qf4 Qf5 35. Qh4+ Kg8 36. Be3 Qe6 37. Bd4 Qd6 38. Bc3 Nd5 39. Bd2 b4 40. Qd8+ Kh7 41. f4 Nc3 42. Be3 b3 43. Qh4+ Kg8 44. Qd8+ Kh7 45. Qh4+ Kg8 46. Qd8+ 1/2-1/2

[Event "Titled Tuesday intern op 23rd May Late"]
[Site "Chess.com INT"]
[Date "2023.05.23"]
[Round "6"]
[White "Maksimovic, Bojan"]
[Black "Iliaguev, Nisim"]
[Result "0-1"]
[WhiteElo "2486"]
[BlackElo "2402"]
[PlyCount "70"]
[EventDate "2023.05.23"]
[EventType "swiss (blitz)"]
[EventRounds "11"]
[EventCountry "USA"]
[SourceTitle "EXT 2024"]
[Source "ChessBase"]
[SourceDate "2023.10.10"]
[SourceVersion "1"]
[SourceVersionDate "2023.10.10"]
[SourceQuality "1"]

1. Nf3 g6 2. g3 Bg7 3. Bg2 d5 4. 0-0 Nf6 5. d3 0-0 6. Nbd2 b6 7. Re1 Bb7 8. c3 c5 9. Qc2 Nc6 10. e4 Rc8 11. e5 Ng4 12. e6 f5 13. h3 Nge5 14. Nxe5 Nxe5 15. Nf1 Ba6 16. c4 dxc4 17. dxc4 Qd3 18. Qxd3 Nxd3 19. Rd1 Bxc4 20. Ne3 Ba6 21. Nd5 Rfe8 22. Rb1 Kf8 23. b3 c4 24. Bf1 c3 25. Ne3 Nb4 26. Bxa6 Nxa6 27. Nc2 Nc5 28. Re1 Red8 29. Bg5 Ne4 30. Bf4 Rd2 31. Rbc1 Nxf2 32. Nb4 Nxh3+ 33. Kh1 Nxf4 34. gxf4 c2 35. Na6 Bb2 0-1

[Event "Ramat Gan Lag BaOmer op"]
[Site "Ramat Gan"]
[Date "2023.05.08"]
[Round "4"]
[White "Iliaguev, Nisim"]
[Black "Noy, Eyal"]
[Result "1/2-1/2"]
[WhiteElo "2402"]
[BlackElo "2141"]
[PlyCount "124"]
[EventDate "2023.05.08"]
[EventType "swiss (rapid)"]
[EventRounds "5"]
[EventCountry "ISR"]
[SourceTitle "CBM 214 Extra"]
[Source "ChessBase"]
[SourceDate "2023.07.31"]
[SourceVersion "1"]
[SourceVersionDate "2023.07.31"]
[SourceQuality "1"]

1. c4 Nf6 2. g3 e6 3. Bg2 d5 4. Nf3 Be7 5. 0-0 0-0 6. d4 dxc4 7. Ne5 c5 8. dxc5 Bxc5 9. Nxc4 Qe7 10. Nc3 Rd8 11. Qb3 Nc6 12. Bg5 Nd4 13. Qa4 Bd7 14. Qd1 Bc6 15. Bxc6 Nxc6 16. Qa4 a6 17. Na5 Nxa5 18. Qxa5 b6 19. Qa4 b5 20. Qc2 Rac8 21. a3 h6 22. Bxf6 Qxf6 23. e3 Qf3 24. Rad1 h5 25. Ne4 Be7 26. Rxd8+ Rxd8 27. h4 f5 28. Qc7 fxe4 29. Qxe7 Qf6 30. Qb7 Qxb2 31. Qxa6 Qe5 32. Rc1 Qf5 33. Qa5 Rd5 34. Qb4 Qf3 35. Qb3 Kh7 36. Rf1 Qe2 37. a4 Qc4 38. Qxc4 bxc4 39. Rc1 Rc5 40. a5 Rxa5 41. Rxc4 Re5 42. Kg2 Kg6 43. Ra4 Kf5 44. Ra7 Kf6 45. Ra4 Kf5 46. Rb4 Ra5 47. Rb7 Kf6 48. Rd7 Ra1 49. Rd4 Ke5 50. Rb4 g6 51. Rc4 Rb1 52. Rc8 Ra1 53. Rg8 Kf5 54. Rf8+ Ke5 55. Rf4 Rb1 56. g4 hxg4 57. Rxg4 Kf5 58. Rg5+ Kf6 59. Kg3 e5 60. Kg2 Ra1 61. Rg4 Kf5 62. Rg5+ Kf6 1/2-1/2

[Event "ISR-chT"]
[Site "Israel"]
[Date "2023.05.06"]
[Round "10.5"]
[White "Levitan, Tal"]
[Black "Iliaguev, Nisim"]
[Result "0-1"]
[WhiteElo "2286"]
[BlackElo "2390"]
[PlyCount "118"]
[EventDate "2023.01.11"]
[EventType "team-tourn"]
[EventRounds "11"]
[EventCountry "ISR"]
[SourceTitle "EXT 2024"]
[Source "ChessBase"]
[SourceDate "2023.10.10"]
[SourceVersion "1"]
[SourceVersionDate "2023.10.10"]
[SourceQuality "1"]
[WhiteTeam "Haifa Nesher"]
[BlackTeam "Ramat Gan Etude"]
[WhiteTeamCountry "ISR"]
[BlackTeamCountry "ISR"]

1. e4 e6 2. d4 d5 3. Nd2 Nf6 4. e5 Nfd7 5. Bd3 c5 6. c3 Nc6 7. Ne2 Rb8 8. 0-0 Be7 9. Kh1 g6 10. f4 h5 11. Nf3 b5 12. Qc2 Rg8 13. Qd2 b4 14. f5 gxf5 15. Qh6 bxc3 16. Qh7 Rg4 17. bxc3 cxd4 18. h3 Rg6 19. Nf4 Nf8 20. Qh8 dxc3 21. Nxg6 fxg6 22. Bh6 Nb4 23. Be2 d4 24. a3 d3 25. axb4 dxe2 26. Rfe1 Qd3 27. Rxa7 Bb7 28. Bxf8 Bxf8 29. Qh7 c2 30. Qc7 Qd8 31. Qxc2 Qb6 32. Qa4+ Bc6 33. Qa2 Bd5 34. Qa4+ Bc6 35. Qa6 Qxa6 36. Rxa6 Bxb4 37. Rxc6 Bxe1 38. Nxe1 Rb1 39. Kg1 Rxe1+ 40. Kf2 Rg1 41. Kxe2 Kd7 42. Rd6+ Ke7 43. Kf2 Ra1 44. Rb6 Rd1 45. Rb7+ Rd7 46. Rxd7+ Kxd7 47. h4 Kc6 48. Ke3 Kc5 49. Kf4 Kd4 50. g3 Kd5 51. Kg5 Kxe5 52. Kxg6 f4 53. gxf4+ Kxf4 54. Kxh5 Kf5 55. Kh6 e5 56. h5 e4 57. Kg7 e3 58. h6 e2 59. h7 e1Q 0-1

[Event "Titled Tuesday intern op 02nd May Late"]
[Site "Chess.com INT"]
[Date "2023.05.02"]
[Round "2"]
[White "Iliaguev, Nisim"]
[Black "Jarocka, Liwia"]
[Result "1-0"]
[WhiteElo "2402"]
[BlackElo "2225"]
[PlyCount "111"]
[EventDate "2023.05.02"]
[EventType "swiss (blitz)"]
[EventRounds "11"]
[EventCountry "USA"]
[SourceTitle "EXT 2024"]
[Source "ChessBase"]
[SourceDate "2023.10.10"]
[SourceVersion "1"]
[SourceVersionDate "2023.10.10"]
[SourceQuality "1"]

1. d4 d5 2. Nf3 Nf6 3. g3 e6 4. Bg2 c5 5. 0-0 cxd4 6. Nxd4 Be7 7. c4 0-0 8. Nc3 Nc6 9. cxd5 exd5 10. b3 Re8 11. Bb2 Bg4 12. h3 Be6 13. Rc1 Rc8 14. Nxe6 fxe6 15. h4 Kh8 16. e3 Bf8 17. Qd2 Rc7 18. Rfd1 Rd7 19. Ne2 e5 20. a3 a5 21. Qc2 Qe7 22. Qf5 g6 23. Qc2 Bg7 24. Nc3 Red8 25. Nb5 Qf7 26. Bh3 Re7 27. Qe2 Rf8 28. Bg2 Rd8 29. a4 Ree8 30. Ba3 h5 31. Nd6 Rxd6 32. Bxd6 d4 33. Qc4 Qd7 34. Bc5 Qf5 35. exd4 Ng4 36. Qe2 Rf8 37. d5 Nd4 38. Bxd4 exd4 39. Be4 Qxf2+ 40. Qxf2 Rxf2 41. d6 Bf6 42. d7 Rb2 43. Rc8+ Kg7 44. d8Q Bxd8 45. Rxd8 Ne3 46. R8xd4 Nxd1 47. Rxd1 Rxb3 48. Bd3 Rb4 49. Bb5 Rb3 50. Kg2 Rb2+ 51. Kh3 b6 52. Rd7+ Kh6 53. Rd6 Rb4 54. Rxb6 Kg7 55. Ra6 g5 56. hxg5 1-0

[Event "Titled Tuesday intern op 02nd May Late"]
[Site "Chess.com INT"]
[Date "2023.05.02"]
[Round "3"]
[White "Zhigalko, Sergei"]
[Black "Iliaguev, Nisim"]
[Result "1-0"]
[WhiteElo "2572"]
[BlackElo "2402"]
[PlyCount "35"]
[EventDate "2023.05.02"]
[EventType "swiss (blitz)"]
[EventRounds "11"]
[EventCountry "USA"]
[SourceTitle "EXT 2024"]
[Source "ChessBase"]
[SourceDate "2023.10.10"]
[SourceVersion "1"]
[SourceVersionDate "2023.10.10"]
[SourceQuality "1"]

1. e4 c6 2. d4 d5 3. e5 Bf5 4. Nf3 e6 5. Be2 Ne7 6. 0-0 c5 7. dxc5 Nd7 8. Be3 Nc6 9. c4 dxc4 10. Na3 Bxc5 11. Nxc4 0-0 12. Qc1 Rc8 13. Bxc5 Nxc5 14. Nd6 Bd3 15. Bxd3 Nxd3 16. Qe3 Nxb2 17. Nxc8 Qxc8 18. Qb3 1-0

[Event "Titled Tuesday intern op 18th Apr Early"]
[Site "Chess.com INT"]
[Date "2023.04.18"]
[Round "5"]
[White "Iliaguev, Nisim"]
[Black "Dushyant, Sharma"]
[Result "1-0"]
[WhiteElo "2402"]
[BlackElo "2355"]
[PlyCount "87"]
[EventDate "2023.04.18"]
[EventType "swiss (blitz)"]
[EventRounds "11"]
[EventCountry "USA"]
[SourceTitle "EXT 2024"]
[Source "ChessBase"]
[SourceDate "2023.10.10"]
[SourceVersion "1"]
[SourceVersionDate "2023.10.10"]
[SourceQuality "1"]

1. d4 d5 2. Nf3 e6 3. g3 Nf6 4. Bg2 Be7 5. 0-0 0-0 6. c4 dxc4 7. Ne5 c5 8. dxc5 Bxc5 9. Nxc4 Qc7 10. Qb3 Nc6 11. e3 e5 12. Nc3 Be6 13. Qa4 a6 14. Nd2 b5 15. Qd1 Rad8 16. Qe2 Rd7 17. a4 b4 18. Nce4 Nxe4 19. Nxe4 Be7 20. Qxa6 Na5 21. Nd2 Rfd8 22. b3 Rd6 23. Qb5 Bxb3 24. Nxb3 Nxb3 25. Rb1 Qc2 26. Bb2 Nd2 27. Bxe5 Nxf1 28. Rxf1 Rd1 29. a5 b3 30. a6 Qa2 31. Bd4 Rxf1+ 32. Bxf1 h5 33. Kg2 Bf6 34. Bxf6 gxf6 35. Bc4 Ra8 36. Qb7 Rf8 37. Bxb3 Qa5 38. Bd5 Kg7 39. a7 Kg6 40. a8Q Rxa8 41. Qxa8 Qc7 42. Qc6 Qe5 43. Be4+ Kg7 44. Qd5 1-0

[Event "Titled Tuesday intern op 11th Apr Early"]
[Site "Chess.com INT"]
[Date "2023.04.11"]
[Round "4"]
[White "Iliaguev, Nisim"]
[Black "Rustemov, Alexander"]
[Result "0-1"]
[WhiteElo "2402"]
[BlackElo "2525"]
[PlyCount "138"]
[EventDate "2023.04.11"]
[EventType "swiss (blitz)"]
[EventRounds "11"]
[EventCountry "USA"]
[SourceTitle "CBM 213 Extra"]
[Source "ChessBase"]
[SourceDate "2023.05.31"]
[SourceVersion "1"]
[SourceVersionDate "2023.05.31"]
[SourceQuality "1"]

1. d4 g6 2. Nf3 Bg7 3. e4 c5 4. c3 Qc7 5. Be2 d6 6. 0-0 Nf6 7. e5 dxe5 8. dxe5 Ng4 9. Bf4 Nxe5 10. Nxe5 Bxe5 11. Bxe5 Qxe5 12. Bb5+ Bd7 13. Re1 Qf6 14. Na3 0-0 15. Bxd7 Rd8 16. Qd5 Rxd7 17. Qxc5 Nc6 18. Rad1 Rad8 19. Rxd7 Rxd7 20. Qe3 Qd6 21. h3 Qd2 22. Nc4 Qxe3 23. Rxe3 Rd1+ 24. Kh2 f6 25. Re2 Kf7 26. Ne3 Rd3 27. a4 e5 28. Nc4 g5 29. Ne3 h5 30. g4 h4 31. Nf5 Ne7 32. Ne3 Ng6 33. Rc2 Nf4 34. b4 Ke6 35. c4 Rb3 36. b5 Kd7 37. c5 Rb4 38. c6+ bxc6 39. bxc6+ Kc7 40. Nf5 Rxa4 41. Ne7 Ra3 42. Kg1 Nxh3+ 43. Kh2 Nf4 44. Rb2 Rc3 45. Rb7+ Kd6 46. Rxa7 Rc2 47. Kg1 h3 48. c7 Rxc7 49. Nf5+ Kc6 50. Rxc7+ Kxc7 51. Ng7 Kd7 52. Kh2 Ke7 53. Kg3 Kf7 54. Nf5 Ke6 55. Ne3 e4 56. Nf5 Ke5 57. Nh6 Nd3 58. Kxh3 Nxf2+ 59. Kg3 Nd3 60. Nf7+ Ke6 61. Nd8+ Kd5 62. Nf7 Nf4 63. Nh6 Kd4 64. Ng8 Nd5 65. Kf2 Kd3 66. Nh6 e3+ 67. Ke1 Nf4 68. Ng8 Ng2+ 69. Kf1 e2+ 0-1

[Event "Titled Tuesday intern op 11th Apr Early"]
[Site "Chess.com INT"]
[Date "2023.04.11"]
[Round "8"]
[White "Iliaguev, Nisim"]
[Black "Samadov, Read"]
[Result "1-0"]
[WhiteElo "2402"]
[BlackElo "2469"]
[PlyCount "125"]
[EventDate "2023.04.11"]
[EventType "swiss (blitz)"]
[EventRounds "11"]
[EventCountry "USA"]
[SourceTitle "CBM 213 Extra"]
[Source "ChessBase"]
[SourceDate "2023.05.31"]
[SourceVersion "1"]
[SourceVersionDate "2023.05.31"]
[SourceQuality "1"]

1. c4 Nf6 2. g3 e5 3. Bg2 c6 4. d3 d5 5. Nf3 Bd6 6. 0-0 0-0 7. b3 d4 8. e3 dxe3 9. Bxe3 Nbd7 10. Nc3 Re8 11. d4 exd4 12. Bxd4 Nc5 13. Qd2 Bf5 14. Rad1 Nce4 15. Nxe4 Nxe4 16. Qb2 Qe7 17. Bxg7 f6 18. Nh4 Bg4 19. Bxe4 Be5 20. Qb1 Qxg7 21. Nf5 Bxf5 22. Bxf5 Rad8 23. Qc2 c5 24. Rd5 Bd4 25. Qd3 Qf7 26. Qf3 Kh8 27. Kg2 b6 28. h4 Rxd5 29. cxd5 Rd8 30. Be6 Qf8 31. Re1 b5 32. Re4 Be5 33. a4 a6 34. axb5 axb5 35. Rg4 Qd6 36. Qf5 c4 37. bxc4 b4 38. h5 Qf8 39. c5 b3 40. Rb4 b2 41. Rb7 Qh6 42. d6 Rf8 43. d7 Rd8 44. c6 Qc1 45. c7 Qc6+ 46. Qf3 Qxf3+ 47. Kxf3 Bxc7 48. Rxb2 Kg7 49. Ke4 Kf8 50. Bf5 h6 51. Rc2 Ba5 52. Rc6 Kf7 53. f4 Ke7 54. Re6+ Kf7 55. Ra6 Bc7 56. Kd5 Ke7 57. Re6+ Kf7 58. Kc6 Ba5 59. Re3 Rb8 60. Bg6+ Kg7 61. Re8 Rd8 62. Kd6 Bb6 63. Ke7 1-0

[Event "Titled Tuesday intern op 11th Apr Early"]
[Site "Chess.com INT"]
[Date "2023.04.11"]
[Round "7"]
[White "Kamsky, Gata"]
[Black "Iliaguev, Nisim"]
[Result "1-0"]
[WhiteElo "2665"]
[BlackElo "2402"]
[PlyCount "35"]
[EventDate "2023.04.11"]
[EventType "swiss (blitz)"]
[EventRounds "11"]
[EventCountry "USA"]
[SourceTitle "CBM 213 Extra"]
[Source "ChessBase"]
[SourceDate "2023.05.31"]
[SourceVersion "1"]
[SourceVersionDate "2023.05.31"]
[SourceQuality "1"]

1. d4 Nf6 2. Nf3 e6 3. Bf4 c5 4. c3 cxd4 5. cxd4 Bb4+ 6. Nbd2 0-0 7. a3 Ba5 8. e3 Nc6 9. Bd3 d5 10. 0-0 h6 11. Rc1 Bd7 12. b4 Bc7 13. Bxc7 Qxc7 14. b5 Qa5 15. bxc6 Bxc6 16. Qb3 Rac8 17. Qb4 Qd8 18. Ne5 1-0

[Event "Titled Tuesday intern op 11th Apr Late"]
[Site "Chess.com INT"]
[Date "2023.04.11"]
[Round "3"]
[White "Prydun, Andriy"]
[Black "Iliaguev, Nisim"]
[Result "0-1"]
[WhiteElo "2134"]
[BlackElo "2402"]
[PlyCount "64"]
[EventDate "2023.04.11"]
[EventType "swiss (blitz)"]
[EventRounds "11"]
[EventCountry "USA"]
[SourceTitle "CBM 213 Extra"]
[Source "ChessBase"]
[SourceDate "2023.05.31"]
[SourceVersion "1"]
[SourceVersionDate "2023.05.31"]
[SourceQuality "1"]

1. e4 c6 2. d4 d5 3. e5 Bf5 4. Bd3 Bxd3 5. cxd3 e6 6. Nc3 Ne7 7. Nf3 h5 8. h4 Nf5 9. g3 Nd7 10. Kf1 Be7 11. Kg2 0-0 12. Ne2 g6 13. Bg5 Rc8 14. Nf4 Bxg5 15. hxg5 Kg7 16. Rxh5 gxh5 17. Nxh5+ Kh7 18. Qh1 Rh8 19. g4 Ne7 20. Qh2 Kg8 21. Rh1 Ng6 22. Qg1 Qe7 23. Qb1 c5 24. Qc1 b6 25. Ne1 Qd8 26. f4 cxd4 27. Qd1 Rxh5 28. gxh5 Nxf4+ 29. Kf2 Nxe5 30. h6 Kh8 31. Rh4 Qxg5 32. Nf3 Qg2+ 0-1

[Event "Titled Tuesday intern op 04th Apr Early"]
[Site "Chess.com INT"]
[Date "2023.04.04"]
[Round "2"]
[White "Iliaguev, Nisim"]
[Black "Mazurkiewicz, Michal"]
[Result "1-0"]
[WhiteElo "2402"]
[BlackElo "2145"]
[PlyCount "83"]
[EventDate "2023.04.04"]
[EventType "swiss (blitz)"]
[EventRounds "11"]
[EventCountry "USA"]
[SourceTitle "EXT 2024"]
[Source "ChessBase"]
[SourceDate "2023.10.10"]
[SourceVersion "1"]
[SourceVersionDate "2023.10.10"]
[SourceQuality "1"]

1. d4 Nf6 2. Nf3 g6 3. g3 Bg7 4. Bg2 0-0 5. 0-0 d6 6. b3 Nbd7 7. Bb2 Re8 8. c4 c6 9. Nc3 e5 10. dxe5 dxe5 11. Qc2 e4 12. Ng5 e3 13. f4 Nc5 14. Rad1 Qe7 15. b4 Bf5 16. Qc1 Nce4 17. Ncxe4 Nxe4 18. Bxg7 Kxg7 19. Nxe4 Bxe4 20. c5 Bxg2 21. Kxg2 Qe4+ 22. Rf3 Qxb4 23. Rxe3 Re4 24. a3 Qa4 25. Qc3+ Kg8 26. Rd7 Rae8 27. Qf6 Qc4 28. Rxe4 Qxe4+ 29. Kh3 Rf8 30. Re7 Qc4 31. Qe5 b5 32. Rxa7 Rd8 33. Rc7 h5 34. Rxc6 Qc2 35. Rd6 Rf8 36. c6 Rc8 37. Qxb5 Qe4 38. Qe5 Qh1 39. c7 Qf1+ 40. Kh4 Qg2 41. Rd8+ Kh7 42. Qh8# 1-0

[Event "Titled Tuesday intern op 04th Apr Early"]
[Site "Chess.com INT"]
[Date "2023.04.04"]
[Round "4"]
[White "Iliaguev, Nisim"]
[Black "Pham, Le Thao Nguyen"]
[Result "1-0"]
[WhiteElo "2402"]
[BlackElo "2369"]
[PlyCount "79"]
[EventDate "2023.04.04"]
[EventType "swiss (blitz)"]
[EventRounds "11"]
[EventCountry "USA"]
[SourceTitle "EXT 2024"]
[Source "ChessBase"]
[SourceDate "2023.10.10"]
[SourceVersion "1"]
[SourceVersionDate "2023.10.10"]
[SourceQuality "1"]

1. d4 d5 2. c4 c6 3. cxd5 cxd5 4. Nf3 Nf6 5. g3 Nc6 6. Bg2 Bf5 7. 0-0 e6 8. Nc3 Be7 9. Nh4 Bg4 10. h3 Bh5 11. g4 Nd7 12. gxh5 Bxh4 13. e4 dxe4 14. Nxe4 0-0 15. h6 g6 16. Be3 Be7 17. Rc1 Rc8 18. Qe2 Qa5 19. a3 Rfd8 20. Rfd1 Qf5 21. d5 exd5 22. Ng3 Qf6 23. Bxd5 Nde5 24. Kg2 Bf8 25. b4 a6 26. Ne4 Qf5 27. Bg5 Rd6 28. h4 Rcd8 29. Nxd6 Rxd6 30. Be4 Qe6 31. Rxd6 Bxd6 32. Bxc6 bxc6 33. Rd1 f6 34. Bf4 Be7 35. Bxe5 fxe5 36. Qe4 Kf7 37. Rd3 Bf6 38. Rc3 Qf5 39. Qxf5 gxf5 40. Rxc6 1-0

[Event "EU-ch 23rd"]
[Site "Vrnjacka Banja"]
[Date "2023.03.12"]
[Round "10"]
[White "Van Foreest, Lucas"]
[Black "Iliaguev, Nisim"]
[Result "1-0"]
[WhiteElo "2570"]
[BlackElo "2412"]
[PlyCount "153"]
[EventDate "2023.03.03"]
[EventType "swiss"]
[EventRounds "11"]
[EventCountry "SRB"]
[SourceTitle "CBM 213"]
[Source "ChessBase"]
[SourceDate "2023.04.30"]
[SourceVersion "1"]
[SourceVersionDate "2023.04.30"]
[SourceQuality "1"]

1. e4 c5 2. Nf3 e6 3. d4 cxd4 4. Nxd4 Nf6 5. Nc3 Nc6 6. Ndb5 Bb4 7. a3 Bxc3+ 8. Nxc3 d5 9. exd5 exd5 10. Bd3 0-0 11. 0-0 h6 12. Bf4 d4 13. Nb5 Nd5 14. Qf3 Be6 15. Rfe1 Qd7 16. Qg3 Nxf4 17. Qxf4 Rad8 18. h3 Rfe8 19. Nc7 Re7 20. Nxe6 Rxe6 21. Re4 Rde8 22. Rae1 Rxe4 23. Rxe4 Rxe4 24. Bxe4 b6 25. Kf1 Nd8 26. Ke2 g6 27. Kd2 Ne6 28. Qb8+ Kg7 29. Qe5+ Kg8 30. Bf3 h5 31. Bd5 Qb5 32. b4 Kh7 33. Qe4 Qf1 34. Qf3 Kg7 35. h4 Qa1 36. g3 Qb2 37. Qb3 Qa1 38. Bxe6 fxe6 39. Qxe6 Qc3+ 40. Kd1 Qxa3 41. Qe5+ Kh7 42. Qxd4 a5 43. Qd7+ Kh6 44. Qd4 Kh7 45. Qxb6 axb4 46. Qc7+ Kh6 47. Kd2 Qb2 48. Qc4 Kh7 49. Kd3 Qb1 50. Kd4 Qe1 51. Qf7+ Kh6 52. Qf4+ Kh7 53. Qe3 Qd1+ 54. Qd3 Qe1 55. f4 Kg7 56. Kc4 Kh6 57. Kb5 Kh7 58. Ka4 Kg7 59. Qd4+ Kf7 60. Qxb4 Qf2 61. Qc3 Ke6 62. Qe5+ Kf7 63. Qd5+ Kf6 64. c4 Qa2+ 65. Kb5 Qb3+ 66. Kc6 Qa4+ 67. Kc7 Qa7+ 68. Qb7 Qa3 69. Qb5 Kg7 70. Qe5+ Kh7 71. f5 Qa7+ 72. Kd8 Qa8+ 73. Kd7 Qa4+ 74. Qb5 Qa7+ 75. Ke6 Qe3+ 76. Qe5 Qb6+ 77. Kf7 1-0

[Event "Titled Tuesday intern op 7th Mar Late"]
[Site "Chess.com INT"]
[Date "2023.03.07"]
[Round "7"]
[White "Iliaguev, Nisim"]
[Black "Do Nascimento, Christian Almeida"]
[Result "1-0"]
[WhiteElo "2412"]
[BlackElo "2116"]
[PlyCount "93"]
[EventDate "2023.03.07"]
[EventType "swiss (blitz)"]
[EventRounds "11"]
[EventCountry "USA"]
[SourceTitle "EXT 2024"]
[Source "ChessBase"]
[SourceDate "2023.10.10"]
[SourceVersion "1"]
[SourceVersionDate "2023.10.10"]
[SourceQuality "1"]

1. d4 d5 2. Nf3 Nf6 3. g3 g6 4. Bg2 Bg7 5. 0-0 0-0 6. c4 dxc4 7. Ne5 Nbd7 8. Nxc4 Nb6 9. Ne5 c6 10. Nc3 Nfd5 11. Qb3 Be6 12. Nxd5 Bxd5 13. Bxd5 Qxd5 14. Qxd5 cxd5 15. Bd2 Rac8 16. Rac1 Bxe5 17. dxe5 Rxc1 18. Rxc1 Rc8 19. Rxc8+ Nxc8 20. Be3 Kf8 21. f4 Ke8 22. g4 Kd7 23. Bd4 b6 24. Kf2 Ke6 25. Kf3 f5 26. exf6 exf6 27. e4 dxe4+ 28. Kxe4 Nd6+ 29. Kd3 f5 30. h3 fxg4 31. hxg4 h5 32. f5+ gxf5 33. gxh5 Kf7 34. Ke3 Ne4 35. Kf4 Nf6 36. h6 Kg6 37. Bxf6 Kxf6 38. h7 Kg7 39. Kxf5 Kxh7 40. Ke6 Kg6 41. Kd6 Kf5 42. Kc6 Ke4 43. Kb7 Kd4 44. Kxa7 Kc5 45. Ka6 b5 46. Ka5 Kc4 47. b4 1-0